000 01052nab a22002537i 4500
003 KOSZ 005
005 20170410094525.0
008 160308s2012 pl ||||| ||||0|| ||pol
035 _aPBN-R:313928
040 _cKOSZ 005/md
_aPBN-ID
041 0 _apol
100 _aKUŁAKOWSKA, Agnieszka.
_d2006 - .
_bPolitechnika Koszalińska - Wydział Mechaniczny,
_cKatedra Mechaniki Technicznej i Wytrzymałości Materiałów
245 1 0 _aAnaliza jakości powierzchni po procesie toczenia a następnie nagniatania z uwzględnieniem odchyłek zarysu nierówności /
_cAgnieszka Kułakowska.
260 _c2012.
650 0 _aEkonomia.
650 0 _aTransport.
650 0 _aEconomics.
650 0 _aBudowa i eksploatacja maszyn.
650 0 _aMachinery construction and operation.
650 0 _aOriginal article.
650 0 _aOryginalny artykuł naukowy.
773 0 8 _iW :
_tTTS Technika Transportu Szynowego. -
_x1232-3829
_dInstytut Naukowo-Wydawniczy "TTS"
_g2012, nr 9, s. 3807-3816
942 _cART
_2UKD
999 _c8179
_d8179